Quizzes
Events
Quiz Creation
Community
Videos
Private Events
Remove Ads
Sign In
Join for FREE
Feedback
Dark Mode
Quiz Categories
Sports
Geography
Music
Movies
Television
Just For Fun
Miscellaneous
History
Literature
Language
Science
Gaming
Entertainment
Religion
Holiday
For Kids
Quiz Lab
Recent
Popular Today
Quiz Kudos Today
Editor Picks
Curator Picks
Quizzes by...
Day
Popularity
Type
Ratings
Length
Year
Community
Subscriptions
Recent Discussions
Orange Saloon
Badges
Playlists
Quests
Create
Leaderboards
Showdown
Live 5
Trivia Bingo
Activity
Puzzle Library
Sporcle Events
Private Events
Virtual Trivia
Globe League
Become a Host
Pub Owners
SporcleCon
Opinionation
Our Games
Videos
Blog
Mobile Apps
Partnerships
Remove Ads and Go Orange
Feedback
Music
Pop Music
The Beatles
Song
Album
Lyrics
Bands
Singers
Artist
Clip
Rock
Rap
Classical
Billboard
Country Music
Kpop
Taylor Swift
Music
Pop Music
The Beatles
Song
Album
Lyrics
Bands
Singers
Artist
Clip
Rock
Rap
Classical
Billboard
Country Music
Kpop
Taylor Swift
Random Quiz
Search Sporcle
×
Quiz Lab
Quiz Lab
Music
Album
Type in answers that appear in a list
Type in answers that appear in a list
Classic
Best Score? Go Orange.
Nickelback Songs Stats
Can you name the Nickelback Songs?
By
legendaryzola
12m
66 Questions
2,789 Plays
2,789 Plays
2,789 Plays
Comments
Comments
Give Quiz Kudos
Give Quiz Kudos
-
- Ratings
hide this ad
Replay
Link that replays current quiz
Next Quiz
Link to next quiz in quiz playlist
You Got
0%
They Got
Avg Score
35%
Avg Friend Score
Upgrade to see
Score Distribution
Jump to the score distribution portion of the page
Score
0/66
Timer
12:00
0
Plays Today
Album
Song
% Correct
All the Right Reasons
Photograph
82.7%
All the Right Reasons
Rock Star
77.1%
Silver Side Up
How You Remind Me
75.6%
All the Right Reasons
Far Away
74.3%
All the Right Reasons
Animals
66%
Dark Horse
Burn It to the Ground
64%
All the Right Reasons
Savin' Me
62.2%
The Long Road
Someday
59.4%
Dark Horse
S.E.X.
59.2%
The State
Diggin' This
59%
Dark Horse
Something In Your Mouth
59%
Dark Horse
Gotta Be Somebody
56.7%
Dark Horse
This Afternoon
56.2%
Dark Horse
If Today Was Your Last Day
55.4%
All the Right Reasons
If Everyone Cared
52.6%
All the Right Reasons
Side of a Bullet
49.5%
Dark Horse
I'd Come for You
47.7%
Silver Side Up
Too Bad
47.1%
Silver Side Up
Never Again
46.4%
All the Right Reasons
Next Contestant
45.9%
All the Right Reasons
Follow You Home
45.5%
All the Right Reasons
Fight for All the Wrong Reasons
44.9%
Dark Horse
Never Gonna Be Alone
44.3%
Dark Horse
Shakin' Hands
40.6%
Dark Horse
Just to Get High
39.9%
Curb
Curb
39.7%
The Long Road
Figured You Out
37.9%
The Long Road
Feelin' Way Too Damn Good
37.3%
The State
Leader of Men
35.3%
Silver Side Up
Just For
34.3%
Dark Horse
Next Go Round
34.1%
All the Right Reasons
Someone That You're With
33.4%
The Long Road
Flat On the Floor
31.8%
Album
Song
% Correct
The Long Road
Because of You
31.2%
Silver Side Up
Hollywood
29.9%
Silver Side Up
Hangnail
28.6%
Silver Side Up
Woke Up This Morning
28%
Curb
Where?
27.7%
The Long Road
See You At the Show
27%
The State
Breathe
25.9%
The Long Road
Believe It or Not
25.6%
The State
Cowboy Hat
25.3%
The Long Road
Do This Anymore
24%
Silver Side Up
Good Times Gone
23.7%
Curb
Fly
23.7%
Silver Side Up
Money Bought
23.4%
Silver Side Up
Where Do I Hide
22.7%
The Long Road
Another Hole In the Head
22.1%
The Long Road
Should've Listened
21.3%
The Long Road
Throw Yourself Away
21%
Curb
Just Four
20.6%
Curb
Little Friend
18.5%
Curb
Falls Back On
18%
The State
Old Enough
17.6%
Curb
Window Shopper
17.1%
The State
Worthy to Say
17.1%
Curb
Detangler
16.3%
The State
Deep
16.1%
Curb
Pusher
16%
The State
Hold Out Your Hand
15.4%
Curb
Sea Groove
15.2%
Curb
Left
14.9%
The State
One Last Run
14.8%
Curb
I Don't Have
14.3%
The State
Not Leavin' Yet
13.9%
The State
Leader of Men (Acoustic)
10.2%
Quiz Playlist
Details
Report
Send in Message
Add To Playlist
Classic:
Type in answers that appear in a list
Last Updated: Feb 16, 2017
Quiz Scoreboard
CHALLENGE
Sign Up to Join the Scoreboard
Show All
Scores
Hide
Comments
May contain spoilers
Recently Published
Click the 1999 NBA Draft
by nibperrychub
Sports
2m
Alphabetical 'K' Countries by Flag Minefield
by ylime102
Geography
3m
Pick 6: Fruits
by JohnFran
Miscellaneous
15s
More to Explore
Quiz From the Vault
Featured Blog Post
15 Basketball Trivia Facts You Can Be March Mad About
hide this ad
You Might Also Like...
Tags
Album Quiz
Song Quiz
length
nickelback
Today's Top Quizzes in Music
Browse Music
hide this ad
Today's Top Quizzes in Album
Browse Album
Top Contributed Quizzes in Music
1
Taylor Swift All Songs (2024)
2
KPOP LOGIC QUIZ
3
A Taylor Swift Logic Puzzle
4
K-Pop Murder Mystery Logic Quiz
5
Taylor Swift Logic Puzzle
6
Guess the Taylor Swift song (Mystery Song)
7
Guess The Taylor Swift Lyrics Song #1
8
NCT 2020 Logic Puzzle
9
Joni Mitchell—'Car on a Hill' Lyrics
10
kpop group name match up
Explore More
Trending Topics
Crossword
NBA
Kpop
Disney
Harry Potter
Marvel
Anime
WWE
The Office
Country
Pokémon
Song
NFL
Puzzle
Soccer
hide this ad
More By:
legendaryzola
Quiz
Plays
Rating
Category
Featured
Created
Nickelback Songs
2,789
3.79
Music
Sep 23, 2009
ATP Top 200 (28/06/21)
1,921
4.20
Sports
Sep 23, 2009
Chelsea Goalscorers 1996-Present
1,843
3.57
Sports
Nov 3, 2009
Chelsea Players 03-10
1,743
4.50
Sports
Oct 31, 2009
Chelsea Squad 09-10
1,203
4.20
Sports
Sep 26, 2009
Go to Creator's Profile
Score Distribution
Quiz Creator Spotlight
legendaryzola
Follow
Send a Message
Quizzes Created
-
Created Quiz Play Count
-
More By This Creator
Popular Quizzes Today
1
Find the US States - No Outlines Minefield
2
Countries of Asia Without Outlines Minefield
3
Pick 6: Fruits
4
Alphabetical 'K' Countries by Flag Minefield
5
The Countries of the World
6
Find the US States
7
Match the Book to the Film X
8
Click the 1999 NBA Draft
More Music Quizzes
Caricatures of Pop & Rock Singers by Don Howard
Curator's Pick
Trending Quizzes
Pick 6: Harry Potter
Pick 6: Mountains
Pick 6: NFL Teams
Pick 6: Movie Franchises
Pick 6: Golfers
Recently Updated
Women's Final Four Teams by Year
bhenderson79
Presidents Quartet II
eogle
Anything But Clue(do)
eogle
Anything But Oceanian Capitals
eogle
Anything But 7
eogle
Anything But Thing
eogle
Word Ladder: February 29
pecheneg
Song Title Questions
pecheneg
Women's NCAA Tournament #1 Seeds
pecheneg
Celebrity Mug Shots
pecheneg
Trending Topics
Anime
Kpop
Harry Potter
Disney
NBA
Crossword
Marvel
NFL
Soccer
Song
The Office
WWE
Pokémon
Country
Puzzle
Your Account Isn't Verified!
In order to create a playlist on Sporcle, you need to verify the email address you used during registration. Go to your
Sporcle Settings
to finish the process.
Report this User
Report this user for behavior that violates our
Community Guidelines
.
Details:
Send Report
Go to the Sporcle.com Mobile Site →
Comments